<?xml version='1.0' encoding='UTF-8'?><?xml-stylesheet href='static/style.xsl' type='text/xsl'?><OAI-PMH xmlns="http://www.openarchives.org/OAI/2.0/" xmlns:xsi="http://www.w3.org/2001/XMLSchema-instance" xsi:schemaLocation="http://www.openarchives.org/OAI/2.0/ http://www.openarchives.org/OAI/2.0/OAI-PMH.xsd"><responseDate>2026-05-01T16:23:17Z</responseDate><request verb="GetRecord" identifier="oai:ebiltegia.mondragon.edu:20.500.11984/4953" metadataPrefix="marc">https://ebiltegia.mondragon.edu/oai/request</request><GetRecord><record><header><identifier>oai:ebiltegia.mondragon.edu:20.500.11984/4953</identifier><datestamp>2024-01-04T21:57:03Z</datestamp><setSpec>com_20.500.11984_1736</setSpec><setSpec>com_20.500.11984_1627</setSpec><setSpec>col_20.500.11984_1972</setSpec></header><metadata><record xmlns="http://www.loc.gov/MARC21/slim" xmlns:dcterms="http://purl.org/dc/terms/" xmlns:xsi="http://www.w3.org/2001/XMLSchema-instance" xmlns:doc="http://www.lyncode.com/xoai" xsi:schemaLocation="http://www.loc.gov/MARC21/slim http://www.loc.gov/standards/marcxml/schema/MARC21slim.xsd">
   <leader>00925njm 22002777a 4500</leader>
   <datafield ind2=" " ind1=" " tag="042">
      <subfield code="a">dc</subfield>
   </datafield>
   <datafield ind2=" " ind1=" " tag="720">
      <subfield code="a">Mondragon Unibertsitatea</subfield>
      <subfield code="e">author</subfield>
   </datafield>
   <datafield ind2=" " ind1=" " tag="260">
      <subfield code="c">2017-05-13</subfield>
   </datafield>
   <datafield ind2=" " ind1=" " tag="520">
      <subfield code="a">Unai Portilla Mondragon Unibertsitateko Ikus-entzunezko Komunikazioa Graduko 2. mailako ikasleak irabazi du sari nagusia Euspot euskarazko spot lehiaketan. MUko ikasleek egindako spot oneraren saria, aldiz, Nora Latatu eta Danel Goikoetxea, gradu bereko 3. mailako ikasleek eskuratu dute. Sari banaketa ekitaldia egin zen pasa den ostegunean, hilaren 11n, Aretxaletako Arkupe aretoan.</subfield>
   </datafield>
   <datafield ind2=" " ind1=" " tag="520">
      <subfield code="a">Unai Portilla, estudiante de segundo curso del Grado de Comunicación Audiovisual, ha resultado ganador del primer premio en el concurso de spots en eukera Euspot. Por otro lado, el premio al mejor anuncio realizado por estudiantes de Mondragon Unibertsitatea a ido a parar  a manos de los también estudiantes del Grado de Comunicacion Audiovisual Nora Latatu y Danel Goikoetxea. El acto de entrega de premios se llevó a cabo en la Casa de Cultura Arkupe de Aretxabaleta el pasado día 11.</subfield>
   </datafield>
   <datafield ind1="8" ind2=" " tag="024">
      <subfield code="a">https://www.youtube.com/embed/8UquWnTMKC4</subfield>
   </datafield>
   <datafield ind1="8" ind2=" " tag="024">
      <subfield code="a">https://www.youtube.com/embed/aQQzd8ms9bY</subfield>
   </datafield>
   <datafield ind1="8" ind2=" " tag="024">
      <subfield code="a">https://hdl.handle.net/20.500.11984/4953</subfield>
   </datafield>
   <datafield tag="653" ind2=" " ind1=" ">
      <subfield code="a">Humanitate eta Hezkuntza Zientzien Fakultatea</subfield>
   </datafield>
   <datafield ind2="0" ind1="0" tag="245">
      <subfield code="a">Unai Portilla Mondragon Unibertsitateko Ikus-entzunezko Komunikazioa Graduko ikasleak irabazi du 2017ko Euspot lehiaketa</subfield>
   </datafield>
   <datafield ind2="0" ind1="0" tag="245">
      <subfield code="a">Unai Portilla, estudiante del Grado de Comunicación Audiovisual, ganador del concurso Euspot 2017</subfield>
   </datafield>
</record></metadata></record></GetRecord></OAI-PMH>